Los Bravos : (Record no. 182623)

MARC details
000 -LEADER
campo de control de longitud fija 01010nam a2200253 i 4500
001 - NÚMERO DE CONTROL
campo de control 182623
003 - IDENTIFICADOR DE NÚMERO DE CONTROL
campo de control ES-MaACL
005 - FECHA Y HORA DE LA ÚLTIMA TRANSACCIÓN
campo de control 20240601063027.0
008 - DATOS DE LONGITUD FIJA--INFORMACIÓN GENERAL
campo de control de longitud fija 131007s2012 sp a | |||||||| |cspa d
020 ## - NÚMERO INTERNACIONAL ESTÁNDAR DEL LIBRO
Número Internacional Estándar del Libro 978-84-86611-31-6
080 ## - NÚMERO DE LA CLASIFICACIÓN DECIMAL UNIVERSAL
Número de la Clasificación Decimal Universal 929 Bravos
080 ## - NÚMERO DE LA CLASIFICACIÓN DECIMAL UNIVERSAL
Número de la Clasificación Decimal Universal 78 Bravos
100 1# - ENTRADA PRINCIPAL--NOMBRE DE PERSONA
Nombre de persona Alonso Moreno, Guzmán
9 (RLIN) 20366
245 10 - MENCIÓN DEL TÍTULO
Título Los Bravos :
Resto del título recuerdos de una leyenda : el fenómeno social de un grupo de pop-rock en la España franquista /
Mención de responsabilidad, etc. Guzmán Alonso Moreno.
250 ## - MENCION DE EDICION
Mención de edición 2ª ed.
260 ## - PUBLICACIÓN, DISTRIBUCIÓN, ETC.
Lugar de publicación, distribución, etc. [Madrid] :
Nombre del editor, distribuidor, etc. Agrupación Hispana de Escritores,
Fecha de publicación, distribución, etc. 2012.
300 ## - DESCRIPCIÓN FÍSICA
Extensión 238, 20 p., [31] p. de lám. col. y n. :
Otras características físicas il. ;
Dimensiones 30 cm.
610 24 - PUNTO DE ACCESO ADICIONAL DE MATERIA--NOMBRE DE ENTIDAD CORPORATIVA
Nombre de entidad corporativa o nombre de jurisdicción como elemento de entrada Los Bravos (Grupo musical)
9 (RLIN) 5556
710 2# - ENTRADA AGREGADA--NOMBRE DE ENTIDAD CORPORATIVA
Nombre de entidad corporativa o nombre de jurisdicción como elemento de entrada Agrupación Hispana de Escritores.
9 (RLIN) 1292
852 4# - LOCALIZACIÓN
Ubicación ES-MaACL
Número de control de estantería A-12867
itemnumber 189539
Sublocalización o colección R.149901
Ubicación en estantería Depósito 1
Signatura antigua Olim: N-5867
Nota libre Dedicatoria autógrafa del autor
Encuadernación Donación: Guzmán Alonso Moreno
903 ## - NOMBRE PERSONAL DE DONANTE
a Alonso Moreno, Guzmán
e Donante
9 20366
942 ## - ELEMENTOS DE ENTRADA SECUNDARIOS (KOHA)
Fuente del sistema de clasificación o colocación Clasificación decimal universal
Tipo de ítem Koha Libro impreso
Holdings
Estatus retirado Estado de pérdida Fuente del sistema de clasificación o colocación Estado de daño No para préstamo Colección Biblioteca de origen Biblioteca actual Ubicación en estantería Fecha de adquisición Fuente de adquisición Total de préstamos Signatura topográfica completa Código de barras Visto por última vez Precio de reemplazo Tipo de ítem Koha Nota pública
    Clasificación decimal universal     Libros con dedicatorias Biblioteca del Ateneo de Madrid Biblioteca del Ateneo de Madrid Depósito 1 07/10/2013 Donación   A-12867 1191924 23/02/2023 23/02/2023 Libro impreso Dedicatoria autógrafa del autor